00486nam a2200193 a 4500001001300000003000900013005001700022008004100039020001200080082001500092100002100107245003600128260002900164300000900193500003500202505001000237650002400247700002100271nice12345678IN_TiNIC20260116012245.0050524s1971 lona grp 000 0 eng  ac100.500a200.1bMAC aMacquarrie, John a20th Century Religious Thought. aLondonbScm Press c1971 a394p aincludes index and biblioraphy2 aIndex aReligion-Philosophy1 aMacquarrie, John